| 000 | 00713nam a22002177a 4500 | ||
|---|---|---|---|
| 005 | 20100811150650.0 | ||
| 010 | _aENG-99717 | ||
| 020 |
_a819077834-X _c150.00 |
||
| 035 | _aEN-83248 | ||
| 037 | _bDBAD/PUB | ||
| 082 | _a843 | ||
| 100 |
_aRuswa, Mirza Mohammad Hadi _911137 |
||
| 245 |
_aUmrao Jan Ada : _bcourtesan of Lucknow / _cby Mirza Mohammad Hadi Ruswa; translated by Khuswant singh & M.A. Husaini |
||
| 260 |
_aHyderabad _bOrient Blackswan _c2009 |
||
| 270 |
_a 3-6-752 Himayatnagar _bHyderabad _e500029 |
||
| 300 |
_axxiii,158p. _c21cm (pbk) |
||
| 500 | _aincludes bibliographical references | ||
| 700 |
_aKhushwant Singh _911130 |
||
| 700 |
_aHusaini, M.A. _911131 |
||
| 942 |
_2ddc _cEN _h843 _mRUS |
||
| 999 |
_c41066 _d41066 |
||